000 00558nam a2200229Ia 4500
003 OSt
005 20220924151045.0
006 a|||||r|||| 00| 0
007 ta
008 220923b |||||||| |||| 00| 0 tel d
024 _a335890
037 _cTextual
040 _aARTS
_cARTS
_btel
041 _2tel
_atel
082 _aO35,3NMO2,1, M2
100 _aMohan
_9206376
245 0 _aNasiruddin kadhalu
260 _c1982
650 _aTELUGU FICTION
942 _hO35,3NMO2,1, M2
_cTEXL
_2CC
999 _c465389
_d465389